书目信息 |
| 题名: |
生活细节防百病
|
|
| 作者: | 陈明政 编著 | |
| 分册: | ||
| 出版信息: | 上海 上海科学技术文献出版社 2006.01 |
|
| 页数: | 366页 | |
| 开本: | 20cm | |
| 丛书名: | ||
| 单 册: | ||
| 中图分类: | R161-49 | |
| 科图分类: | ||
| 主题词: | 保健--bao jian--普及读物 | |
| 电子资源: | ||
| ISBN: | 7-5439-2728-4 | |
| 000 | 00816nam0 2200217 450 | |
| 001 | 012006476516 | |
| 005 | 20060417173836.70 | |
| 010 | @a7-5439-2728-4@dCNY16.80 | |
| 100 | @a20060417d2006 km y0chiy0120 ea | |
| 101 | 0 | @achi |
| 102 | @aCN@b310000 | |
| 105 | @ay z 000yy | |
| 200 | 1 | @a生活细节防百病@Asheng huo xi jie fang bai bing@f陈明政编著@Fchen ming zheng bian zhu |
| 210 | @a上海@c上海科学技术文献出版社@d2006.01 | |
| 215 | @a366页@d20cm | |
| 330 | @a本书围绕着生活方式这一重大主题,从生活的23个层面,即衣、食、住、行、用、饮、吸、触、视、听、容、娱、动、便、浴、睡、性、孕、产、抚、学、作、神等,逐一提醒读者遵循一种良好的生活方式。 | |
| 606 | 0 | @a保健@Abao jian@j普及读物 |
| 690 | @aR161-49@v4 | |
| 701 | 0 | @a陈明政@Achen ming zheng@4编著 |
| 801 | 0 | @aCN@bQSSK@c20060417 |
| 905 | @a10447@dR161-49@eC519 | |
| 生活细节防百病/陈明政编著.-上海:上海科学技术文献出版社,2006.01 |
| 366页;20cm |
| ISBN 7-5439-2728-4:CNY16.80 |
| 本书围绕着生活方式这一重大主题,从生活的23个层面,即衣、食、住、行、用、饮、吸、触、视、听、容、娱、动、便、浴、睡、性、孕、产、抚、学、作、神等,逐一提醒读者遵循一种良好的生活方式。 |
| ● |
| 相关链接 |
|
|
|
正题名:生活细节防百病
索取号:R161-49/C519
 
预约/预借
| 序号 | 登录号 | 条形码 | 馆藏地/架位号 | 状态 | 备注 |
| 1 | 558274 | 205582742 | 自科库401/ [索取号:R161-49/C519] | 在馆 | |
| 2 | 558275 | 205582751 | 自科库401/ [索取号:R161-49/C519] | 在馆 | |
| 3 | 558276 | 205582760 | 自科库401/401自科库 5排2列4层/ [索取号:R161-49/C519] | 在馆 |